[Event "4NCL/Div2a/BRJ vs. PPA1"]
[Site "Hinckley Island ENG"]
[Date "2009.03.21"]
[Round "7.6"]
[White "Borman, Philip J"]
[Black "Cabero, Pablo Padilla"]
[Result "1/2-1/2"]
[WhiteElo "2219"]
[BlackElo "2162"]
[PlyCount "127"]
[EventDate "2009.03.21"]
[SourceDate "2008.10.04"]

1. d4 d5 2. Bf4 e6 3. e3 Be7 4. Nf3 f5 5. c4 Nf6 6. Nc3 O-O 7. Bd3 c6 8. Qc2
dxc4 9. Bxc4 Nd5 10. Nxd5 exd5 11. Bd3 Qa5+ 12. Ke2 Na6 13. a3 Nc7 14. g4 Ne6
15. Be5 Ng5 16. Nxg5 Bxg5 17. gxf5 Bf6 18. Rhg1 Bd7 19. Rg2 Qd8 20. Rag1 Rf7
21. h4 Qe7 22. Bxf6 Qxf6 23. Rg4 Re8 24. Kd2 b6 25. Rf4 Bc8 26. Kc1 c5 27. dxc5
Rc7 28. Kb1 Rxc5 29. Qa4 Re7 30. Qd4 Rf7 31. Qxf6 Rxf6 32. Rc1 Kf8 33. b4 Rxc1+
34. Kxc1 Ke7 35. f3 h5 36. Kd2 Rd6 37. Rd4 Bb7 38. Bb5 g6 39. Bd3 gxf5 40. Bxf5
Kf6 41. Bh3 Ke7 42. Bf5 Kf6 43. Bd3 Ke7 44. e4 Rf6 45. Ke3 Re6 46. Kf4 Rf6+ 47.
Kg3 Rg6+ 48. Kf2 dxe4 49. Bxe4 Bxe4 50. Rxe4+ Kf6 51. Re8 Rg7 52. Ke3 Rc7 53.
Kf4 Rc4+ 54. Re4 Rc3 55. Re3 Rc4+ 56. Kg3 a5 57. bxa5 bxa5 58. Rb3 Ra4 59. Rb6+
Kg7 60. Rb3 Kf6 61. f4 Kg6 62. Kf3 Kf6 63. Rc3 Kg6 64. Rb3 1/2-1/2

[Event "4NCL/Div2a/BRJ vs. PPA1"]
[Site "Hinckley Island ENG"]
[Date "2009.03.21"]
[Round "7.7"]
[White "Rabbitt, Michael"]
[Black "Rosen, Daniel B"]
[Result "1/2-1/2"]
[WhiteElo "2025"]
[BlackElo "2149"]
[PlyCount "51"]
[EventDate "2009.03.21"]
[SourceDate "2008.10.04"]

1. d4 f5 2. Nc3 Nf6 3. Bg5 d5 4. Nf3 e6 5. e3 Be7 6. Bd3 O-O 7. O-O Bd7 8. Ne2
Be8 9. c4 c6 10. Nf4 Bf7 11. Qc2 Nbd7 12. Rfc1 Rc8 13. Qa4 dxc4 14. Bf1 Ra8 15.
Qc2 Ne4 16. Bxe7 Qxe7 17. Bxc4 e5 18. Nxe5 Nxe5 19. dxe5 Qxe5 20. Rd1 Nd6 21.
Bxf7+ Rxf7 22. Rd4 Rf6 23. Nd3 Qe7 24. Qc5 Re8 25. Rd1 Nb5 26. Qxe7 1/2-1/2

[Event "4NCL/Div2a/BRJ vs. PPA1"]
[Site "Hinckley Island ENG"]
[Date "2009.03.21"]
[Round "7.8"]
[White "Walker, Samuel"]
[Black "Streeter, Harry"]
[Result "1-0"]
[WhiteElo "1943"]
[BlackElo "1909"]
[PlyCount "160"]
[EventDate "2009.03.21"]
[SourceDate "2008.10.04"]

1. c4 g6 2. g3 Bg7 3. Bg2 d6 4. Nc3 e5 5. d3 c6 6. e4 f5 7. exf5 Bxf5 8. Nf3
Nf6 9. O-O Nbd7 10. d4 O-O 11. Be3 Ng4 12. Bg5 Qc7 13. h3 Ngf6 14. Rc1 h6 15.
Be3 Kh7 16. Qd2 Rad8 17. g4 Be6 18. d5 Bf7 19. g5 hxg5 20. Nxg5+ Kg8 21. Kh1
Nb6 22. b3 Qe7 23. Nxf7 Rxf7 24. dxc6 bxc6 25. Bxc6 Qe6 26. Bg2 Kh7 27. Nd5
Nbxd5 28. cxd5 Qf5 29. Rc4 e4 30. f3 Nh5 31. Kg1 Ng3 32. Rf2 Qh5 33. fxe4 Rxf2
34. Bxf2 Bh6 35. Qd3 Ne2+ 36. Kf1 Nc1 37. Qf3 Qxf3 38. Bxf3 Rd7 39. Ra4 Nd3 40.
Rxa7 Rxa7 41. Bxa7 Ne5 42. Be2 Bd2 43. Kf2 Bb4 44. Bd4 Kh6 45. Bxe5 dxe5 46.
Bg4 Kg5 47. Kf3 Ba3 48. Kg3 Kf6 49. h4 Ke7 50. Bf3 Kf7 51. Kg4 Kf6 52. Be2 Kf7
53. Bb5 Ke7 54. Ba6 Kf6 55. Bb7 Kg7 56. Bc8 Kf6 57. Be6 Kg7 58. h5 gxh5+ 59.
Kxh5 Kf6 60. Kg4 Ke7 61. Kf3 Kd6 62. Ke2 Kc5 63. Kd3 Bb4 64. d6 Kxd6 65. Kc4
Ba3 66. Bd5 Kc7 67. b4 Kb6 68. Kb3 Bc1 69. a4 Be3 70. Kc4 Bd4 71. Be6 Ka6 72.
a5 Be3 73. Bg4 Bd2 74. Be2 Kb7 75. Kb3 Kc6 76. Ka4 Be1 77. Bc4 Bd2 78. Bd5+ Kc7
79. b5 Be3 80. b6+ Kb8 1-0

[Event "4NCL/Div2a/JUTK vs. ANGA"]
[Site "Hinckley Island ENG"]
[Date "2009.03.21"]
[Round "7.1"]
[White "Williams, Simon K"]
[Black "Player, Edmund C"]
[Result "1-0"]
[WhiteElo "2507"]
[BlackElo "2129"]
[PlyCount "55"]
[EventDate "2009.03.21"]
[SourceDate "2008.10.04"]

1. d4 d5 2. c4 dxc4 3. e3 Nf6 4. Bxc4 e6 5. Nf3 c5 6. O-O a6 7. Bb3 Nc6 8. Nc3
b5 9. Qe2 Bb7 10. Rd1 Qc7 11. d5 exd5 12. e4 d4 13. Nd5 Qd8 14. Bf4 Rc8 15. a4
b4 16. Ng5 h6 17. Nxf7 Kxf7 18. Nxf6+ Kxf6 19. Qg4 Qe8 20. Qf5+ Ke7 21. Qxc5+
Kf6 22. Qf5+ Ke7 23. Rac1 Qd7 24. Qg6 Kd8 25. Be6 Ne7 26. Qf7 Rxc1 27. Rxc1 Qe8
28. Bc7# 1-0

[Event "4NCL/Div2a/JUTK vs. ANGA"]
[Site "Hinckley Island ENG"]
[Date "2009.03.21"]
[Round "7.2"]
[White "Munson, Shaun D"]
[Black "Cooley, Chris"]
[Result "0-1"]
[WhiteElo "2175"]
[BlackElo "2265"]
[PlyCount "118"]
[EventDate "2009.03.21"]
[SourceDate "2008.10.04"]

1. d4 Nf6 2. Bg5 d5 3. Nc3 Bf5 4. Qd2 e6 5. f3 Be7 6. O-O-O Nbd7 7. e3 a6 8. g4
Bg6 9. Bf4 c5 10. h4 h6 11. Kb1 Rc8 12. Bd3 Bxd3 13. Qxd3 Qa5 14. Nge2 b5 15.
Nc1 b4 16. N3e2 c4 17. Qd2 c3 18. Nb3 Qb6 19. Qd3 a5 20. g5 Nh5 21. gxh6 gxh6
22. Be5 a4 23. Bxh8 axb3 24. axb3 Qa5 25. bxc3 bxc3 26. Nxc3 Rxc3 27. Qd2 Bb4
28. Qc1 Rc8 29. Rd3 Ng3 30. Rh2 Bc3 31. Rxc3 Qxc3 32. Qd2 Qxd2 33. Rxd2 Ke7 34.
Be5 Nxe5 35. dxe5 Nf5 36. e4 Nxh4 37. exd5 Nxf3 38. d6+ Kd7 39. Re2 Rc5 40. Re3
Nxe5 41. Rh3 Ng4 42. c4 Kxd6 43. Kc2 h5 44. Kc3 Nf2 45. Rf3 Ne4+ 46. Kd4 f5 47.
Rh3 e5+ 48. Ke3 Nf6 49. Rh1 Ke6 50. Ra1 f4+ 51. Kf3 Kf5 52. Ra8 e4+ 53. Ke2 f3+
54. Ke3 Ng4+ 55. Kd4 Re5 56. Rf8+ Nf6 57. Ke3 Rc5 58. Rf7 Rc8 59. Kf2 Rb8 0-1

[Event "4NCL/Div2a/JUTK vs. ANGA"]
[Site "Hinckley Island ENG"]
[Date "2009.03.21"]
[Round "7.3"]
[White "Harakis, Alexis"]
[Black "Gray, Mark S"]
[Result "1-0"]
[WhiteElo "2253"]
[BlackElo "2138"]
[PlyCount "111"]
[EventDate "2009.03.21"]
[SourceDate "2008.10.04"]

1. d4 Nf6 2. c4 e6 3. Nc3 d5 4. Bg5 Be7 5. e3 O-O 6. Nf3 h6 7. Bh4 b6 8. Bd3
dxc4 9. Bxc4 Bb7 10. O-O Ne4 11. Bg3 Nxg3 12. hxg3 c5 13. Qe2 Nc6 14. dxc5 Bxc5
15. a3 Rc8 16. Rac1 Qe7 17. Ba6 Rfd8 18. Ne4 Bd6 19. Nxd6 Rxd6 20. Rc3 Rcd8 21.
Rfc1 Bxa6 22. Qxa6 Rd1+ 23. Rxd1 Rxd1+ 24. Kh2 Qd7 25. Qc4 Ne7 26. Qf4 Ng6 27.
Qb8+ Kh7 28. g4 Rf1 29. Qg3 Qd1 30. Kh3 f5 31. Nh2 Rh1 32. f3 fxg4+ 33. Qxg4
Qd6 34. f4 Ne7 35. e4 e5 36. f5 Qf6 37. Kg3 Rb1 38. b4 Nc6 39. Qg6+ Qxg6+ 40.
fxg6+ Kxg6 41. Rxc6+ Kh7 42. Rc7 Rb3+ 43. Kg4 Rxa3 44. Kf5 Ra2 45. Ng4 h5 46.
Ne3 a5 47. bxa5 bxa5 48. Kxe5 a4 49. g3 a3 50. Ra7 Ra1 51. Nf5 a2 52. Rxg7+ Kh8
53. Ra7 h4 54. gxh4 Kg8 55. Kf6 Kh8 56. e5 1-0

[Event "4NCL/Div2a/JUTK vs. ANGA"]
[Site "Hinckley Island ENG"]
[Date "2009.03.21"]
[Round "7.4"]
[White "Gregory, Stephen J"]
[Black "Naylor, John"]
[Result "0-1"]
[WhiteElo "2169"]
[BlackElo "2183"]
[PlyCount "88"]
[EventDate "2009.03.21"]
[SourceDate "2008.10.04"]

1. e4 c6 2. d4 d5 3. Nc3 dxe4 4. Nxe4 Nd7 5. Bg5 Ngf6 6. Qd3 Nxe4 7. Qxe4 Nf6
8. Bxf6 gxf6 9. Bc4 Qa5+ 10. c3 Qf5 11. Qxf5 Bxf5 12. Ne2 e6 13. Ng3 Bg6 14.
O-O h5 15. Rfe1 O-O-O 16. b4 h4 17. Nf1 Bg7 18. Ne3 Bh6 19. a4 Rhg8 20. b5 Be4
21. g3 f5 22. bxc6 bxc6 23. Bf1 hxg3 24. fxg3 Kc7 25. Nc4 Bd5 26. Ne3 Bxe3+ 27.
Rxe3 f4 28. Re5 fxg3 29. c4 gxh2+ 30. Kxh2 Bf3 31. Ra3 Bg4 32. Rg3 Rxd4 33. Ra5
Kb6 34. Rh5 Rd2+ 35. Kg1 Bxh5 36. Rxg8 a5 37. Ra8 Be2 38. c5+ Kxc5 39. Bg2 Bc4
40. Rxa5+ Kb6 41. Ra8 Bd5 42. Bf1 Ra2 43. Rb8+ Ka5 44. Ra8+ Kb4 0-1

[Event "4NCL/Div2a/JUTK vs. ANGA"]
[Site "Hinckley Island ENG"]
[Date "2009.03.21"]
[Round "7.5"]
[White "Karayiannis, Costas"]
[Black "Bucknell, Malcolm"]
[Result "1/2-1/2"]
[WhiteElo "2166"]
[BlackElo "2175"]
[PlyCount "74"]
[EventDate "2009.03.21"]
[SourceDate "2008.10.04"]

1. d4 Nf6 2. c4 c5 3. d5 e6 4. Nc3 exd5 5. cxd5 d6 6. e4 g6 7. Bg5 Bg7 8. Qd2
O-O 9. f3 a6 10. Nge2 b5 11. a4 b4 12. Nd1 a5 13. Ng3 Nbd7 14. Rc1 Nb6 15. b3
Re8 16. Bb5 Bd7 17. Bxd7 Qxd7 18. O-O Qa7 19. Qf4 c4 20. Kh1 Nfd7 21. bxc4 Ne5
22. Nf2 Nbxc4 23. Qh4 Nb2 24. Bf6 Bxf6 25. Qxf6 Qe7 26. Qxe7 Rxe7 27. f4 Ned3
28. Nxd3 Nxd3 29. Rc6 b3 30. Rb6 Nc5 31. Rb1 Nxe4 32. R1xb3 Nd2 33. Rb8+ Kg7
34. h3 Nxb3 35. Rxa8 Re3 36. Kh2 Rd3 37. Rb8 Nc5 1/2-1/2

[Event "4NCL/Div2a/JUTK vs. ANGA"]
[Site "Hinckley Island ENG"]
[Date "2009.03.21"]
[Round "7.6"]
[White "Cook, Michael"]
[Black "Donovan, Nigel"]
[Result "1/2-1/2"]
[WhiteElo "2045"]
[BlackElo "2087"]
[PlyCount "42"]
[EventDate "2009.03.21"]
[SourceDate "2008.10.04"]

1. d4 Nf6 2. Nf3 e6 3. e3 b6 4. Bd3 Bb7 5. O-O c5 6. b3 Be7 7. Bb2 cxd4 8. exd4
O-O 9. c4 d6 10. Nc3 Nbd7 11. Re1 Re8 12. Qe2 Nf8 13. Rad1 a6 14. Bb1 Qc7 15.
Ng5 d5 16. Bd3 Bd6 17. g3 Qc6 18. cxd5 exd5 19. Qf1 h6 20. Nf3 Rxe1 21. Rxe1 b5
1/2-1/2

[Event "4NCL/Div2a/JUTK vs. ANGA"]
[Site "Hinckley Island ENG"]
[Date "2009.03.21"]
[Round "7.7"]
[White "Rice, Chris"]
[Black "Wallis, Ian"]
[Result "1/2-1/2"]
[WhiteElo "2120"]
[BlackElo "1962"]
[PlyCount "100"]
[EventDate "2009.03.21"]
[SourceDate "2008.10.04"]

1. c4 e5 2. g3 d6 3. Bg2 f5 4. Nc3 Nf6 5. d4 Be7 6. Nf3 Nbd7 7. Qc2 e4 8. Ng5
Nf8 9. f3 exf3 10. Bxf3 Ng6 11. h4 c6 12. h5 Nf8 13. e4 h6 14. Nh3 fxe4 15.
Nxe4 Bxh3 16. Rxh3 Qd7 17. Rh2 O-O-O 18. Bf4 Kb8 19. O-O-O Ne6 20. Nc5 Qc8 21.
Nxe6 Qxe6 22. Re2 Qf7 23. Rde1 Rhe8 24. Re6 Bf8 25. Qe2 Qxe6 26. Qxe6 Rxe6 27.
Rxe6 Kc8 28. Kc2 Kd7 29. Re2 Re8 30. Rxe8 Nxe8 31. Kd3 Nf6 32. a3 Be7 33. b4
Bd8 34. a4 a5 35. b5 cxb5 36. cxb5 b6 37. Be3 d5 38. Bf4 Bc7 39. Be5 Bd6 40. g4
Ke6 41. Bxd6 Kxd6 42. Ke3 Ke6 43. Kf4 Nh7 44. Be2 Ng5 45. Bd3 Nh3+ 46. Kg3 Ng5
47. Bf5+ Kf6 48. Kf4 Nh3+ 49. Ke3 Ng5 50. Bc2 Ke6 1/2-1/2

[Event "4NCL/Div2a/JUTK vs. ANGA"]
[Site "Hinckley Island ENG"]
[Date "2009.03.21"]
[Round "7.8"]
[White "Merry, Alan B"]
[Black "Wilson, Alexandra"]
[Result "1-0"]
[WhiteElo "1900"]
[BlackElo "2039"]
[PlyCount "67"]
[EventDate "2009.03.21"]
[SourceDate "2008.10.04"]

1. d4 e6 2. c4 b6 3. Nc3 Bb7 4. e4 Bb4 5. Qc2 Qh4 6. Bd3 f5 7. Nf3 Qg4 8. O-O
Bxc3 9. h3 Qh5 10. bxc3 Nf6 11. Nd2 fxe4 12. Nxe4 O-O 13. Bf4 d6 14. Rae1 Nbd7
15. Ng3 Qf7 16. Re2 Kh8 17. Rfe1 Rae8 18. Qb3 Nh5 19. Nxh5 Qxh5 20. Bg3 Bxg2
21. Kxg2 Qf3+ 22. Kh2 Qxd3 23. Qa4 Nf6 24. Rxe6 Rxe6 25. Rxe6 Qf5 26. Re2 h5
27. Qb5 Qg6 28. c5 Qf5 29. a4 Ne4 30. cxd6 Qf3 31. Re3 Qf6 32. Qxh5+ Kg8 33.
Qd5+ Kh8 34. Rxe4 1-0

[Event "4NCL/Div2a/PANDG vs. BARY"]
[Site "Hinckley Island ENG"]
[Date "2009.03.21"]
[Round "7.1"]
[White "Civin, Tomas"]
[Black "Franklin, Samuel"]
[Result "1-0"]
[WhiteElo "2421"]
[BlackElo "2142"]
[PlyCount "81"]
[EventDate "2009.03.21"]
[SourceDate "2008.10.04"]

1. d4 Nf6 2. c4 g6 3. Nc3 Bg7 4. Nf3 O-O 5. Bg5 c5 6. d5 d6 7. e3 e5 8. Nd2 h6
9. Bh4 Na6 10. Be2 Nc7 11. O-O Qd7 12. a3 Nh7 13. Qc2 f5 14. f4 Qe8 15. Rae1
Bd7 16. Kh1 b6 17. h3 g5 18. Bg3 Qg6 19. Bh2 Rae8 20. fxe5 Bxe5 21. Bxe5 dxe5
22. Qd1 Nf6 23. d6 Ne6 24. Nd5 Nxd5 25. Bh5 Nxe3 26. Rxe3 Qg7 27. Bxe8 Rxe8 28.
Rxf5 Nf4 29. Qb1 Bxf5 30. Qxf5 Qg6 31. d7 Rd8 32. Qxe5 Rxd7 33. Ne4 Rf7 34. b4
Qe6 35. Qc3 cxb4 36. axb4 Qc6 37. Qd4 Ne6 38. Nf6+ Kg7 39. Nh5+ Kg6 40. Qd3+
Rf5 41. Ng3 1-0

[Event "4NCL/Div2a/PANDG vs. BARY"]
[Site "Hinckley Island ENG"]
[Date "2009.03.21"]
[Round "7.2"]
[White "Ynojosa, Felix J"]
[Black "Ashton, Adam G"]
[Result "0-1"]
[WhiteElo "2174"]
[BlackElo "2321"]
[PlyCount "68"]
[EventDate "2009.03.21"]
[SourceDate "2008.10.04"]

1. e4 e5 2. Bc4 Nf6 3. d3 Nc6 4. Nc3 Na5 5. Nge2 c6 6. O-O b5 7. Bb3 Nxb3 8.
axb3 b4 9. Na4 d5 10. f4 Bd6 11. fxe5 Bxe5 12. d4 Bc7 13. e5 Ne4 14. Nf4 O-O
15. Nd3 f6 16. Nxb4 Bd7 17. Nd3 fxe5 18. Rxf8+ Qxf8 19. dxe5 Qf5 20. Be3 Rf8
21. Bd4 Qg6 22. Kh1 Bg4 23. Qe1 Qh5 24. Qe3 Bd8 25. Nc3 Bg5 26. Qe1 Bd2 27. Qb1
Bxc3 28. bxc3 Ng3+ 29. Kg1 Ne2+ 30. Kh1 Ng3+ 31. Kg1 Ne2+ 32. Kh1 Rf5 33. Qe1
Qxh2+ 34. Kxh2 Rh5+ 0-1

[Event "4NCL/Div2a/PANDG vs. BARY"]
[Site "Hinckley Island ENG"]
[Date "2009.03.21"]
[Round "7.3"]
[White "Burrows, Martin P"]
[Black "Hodgson, John H"]
[Result "1/2-1/2"]
[WhiteElo "2206"]
[BlackElo "2193"]
[PlyCount "33"]
[EventDate "2009.03.21"]
[SourceDate "2008.10.04"]

1. e4 c5 2. Nf3 d6 3. d4 cxd4 4. Nxd4 Nf6 5. Nc3 g6 6. Bc4 Bg7 7. h3 O-O 8. Bb3
a6 9. O-O b5 10. Re1 Bb7 11. a4 Nbd7 12. axb5 axb5 13. Rxa8 Qxa8 14. Ndxb5 Nc5
15. Bd5 Ncxe4 16. Bxb7 Qxb7 17. Nxe4 1/2-1/2

[Event "4NCL/Div2a/PANDG vs. BARY"]
[Site "Hinckley Island ENG"]
[Date "2009.03.21"]
[Round "7.4"]
[White "O'Toole, George E"]
[Black "Burnett, Andrew"]
[Result "0-1"]
[WhiteElo "2059"]
[BlackElo "2202"]
[PlyCount "88"]
[EventDate "2009.03.21"]
[SourceDate "2008.10.04"]

1. e4 c5 2. c3 d6 3. d4 Nf6 4. f3 d5 5. e5 Ng8 6. Be3 Nc6 7. Bb5 Qb6 8. Qb3 c4
9. Bxc6+ bxc6 10. Qxb6 axb6 11. Nd2 Bf5 12. g4 Bd7 13. Ne2 e6 14. Kf2 Be7 15.
b3 b5 16. a4 Bd8 17. axb5 Rxa1 18. Rxa1 cxb5 19. Ng3 Bc6 20. b4 Ne7 21. f4 Nc8
22. Ke2 Nb6 23. Nf3 Na4 24. Kd2 Be7 25. Nh5 Rg8 26. f5 exf5 27. gxf5 g6 28. Rg1
Bd7 29. e6 fxe6 30. f6 Bd6 31. Ng5 Rh8 32. Ng7+ Kf8 33. Rf1 h6 34. N5xe6+ Kf7
35. Nc5 Nxc5 36. dxc5 Bxh2 37. Bd4 Ra8 38. Re1 Ra2+ 39. Ke3 g5 40. c6 Bg4 41.
Bb6 Bg3 42. Rf1 Be5 43. Rf2 Rxf2 44. Kxf2 Bxf6 0-1

[Event "4NCL/Div2a/PANDG vs. BARY"]
[Site "Hinckley Island ENG"]
[Date "2009.03.21"]
[Round "7.5"]
[White "Cumbers, Paul"]
[Black "Sen, Subin"]
[Result "0-1"]
[WhiteElo "2189"]
[BlackElo "2066"]
[PlyCount "92"]
[EventDate "2009.03.21"]
[SourceDate "2008.10.04"]

1. d4 Nf6 2. c4 g6 3. Nc3 d5 4. cxd5 Nxd5 5. e4 Nxc3 6. bxc3 Bg7 7. Nf3 c5 8.
Rb1 O-O 9. Be2 b6 10. O-O Bb7 11. Qd3 Ba6 12. Qe3 Qd7 13. Bxa6 Nxa6 14. d5 e6
15. Qe2 Nc7 16. c4 f5 17. Rd1 fxe4 18. Qxe4 exd5 19. cxd5 Rae8 20. Qc4 Qd6 21.
Qa4 Rd8 22. Qxa7 Nxd5 23. Bg5 Rd7 24. Qa4 Rff7 25. Qc4 Qc6 26. Rdc1 h6 27. Bd2
Qf6 28. a4 g5 29. a5 bxa5 30. Bxa5 Nf4 31. Rb8+ Kh7 32. Rc8 g4 33. Qe4+ Qf5 34.
Qxf5+ Rxf5 35. Nh4 Rh5 36. Kh1 Nd3 37. Rc2 Rxh4 38. g3 Rh5 39. Kg2 Rf5 40. Re8
Rdf7 41. Re3 Nxf2 42. Rc4 Nd1 43. Re1 Ne3+ 44. Rxe3 Rf2+ 45. Kh1 Rf1+ 46. Kg2
R7f2# 0-1

[Event "4NCL/Div2a/PANDG vs. BARY"]
[Site "Hinckley Island ENG"]
[Date "2009.03.21"]
[Round "7.6"]
[White "Bhatia, Kanwal K"]
[Black "Walton, Alan J"]
[Result "0-1"]
[WhiteElo "2067"]
[BlackElo "2189"]
[PlyCount "72"]
[EventDate "2009.03.21"]
[SourceDate "2008.10.04"]

1. e4 e6 2. d4 d5 3. Nd2 Nf6 4. e5 Nfd7 5. f4 c5 6. c3 Nc6 7. Ndf3 Rb8 8. a3 a5
9. Bd3 g6 10. g4 h5 11. Ng5 Bh6 12. N1h3 hxg4 13. Qxg4 Ne7 14. Nxe6 Nxe5 15.
Bb5+ N5c6 16. f5 gxf5 17. Qh5 Bxe6 18. Bxh6 Ng8 19. Rg1 Nxh6 20. O-O-O Kd7 21.
Qf3 cxd4 22. Rxd4 Kc7 23. Rdd1 Ng4 24. c4 d4 25. Rge1 Kb6 26. Kb1 Rxh3 27. Qxh3
Nf2 28. Qb3 Nxd1 29. Bxc6+ Kxc6 30. Qb5+ Kd6 31. Rxd1 Ke7 32. Re1 Qc7 33. Qxf5
Qxc4 34. Qg5+ Kd7 35. Qxa5 Qa2+ 36. Kc1 Rc8+ 0-1

[Event "4NCL/Div2a/PANDG vs. BARY"]
[Site "Hinckley Island ENG"]
[Date "2009.03.21"]
[Round "7.7"]
[White "Birtwhistle, Nigel"]
[Black "Wells, Daniel"]
[Result "1-0"]
[WhiteElo "2159"]
[BlackElo "2002"]
[PlyCount "59"]
[EventDate "2009.03.21"]
[SourceDate "2008.10.04"]

1. e4 c5 2. c3 Nf6 3. e5 Nd5 4. d4 cxd4 5. Nf3 Nc6 6. cxd4 d6 7. Bc4 Nb6 8. Bb3
dxe5 9. d5 Na5 10. Nc3 Nxb3 11. Qxb3 g6 12. Nxe5 Bg7 13. Bf4 O-O 14. O-O Bf5
15. Rad1 Nd7 16. Nxd7 Qxd7 17. Rfe1 Rfe8 18. Be5 Rac8 19. Bxg7 Kxg7 20. Qb4 b6
21. Re3 Rc5 22. Qd4+ Kg8 23. Rde1 h5 24. h3 a5 25. a3 e6 26. g4 Bc2 27. gxh5
Qe7 28. b4 axb4 29. axb4 Qg5+ 30. Rg3 1-0

[Event "4NCL/Div2a/PANDG vs. BARY"]
[Site "Hinckley Island ENG"]
[Date "2009.03.21"]
[Round "7.8"]
[White "Cumming, Rhys"]
[Black "Milson, Samuel"]
[Result "1/2-1/2"]
[WhiteElo "1883"]
[BlackElo "1955"]
[PlyCount "61"]
[EventDate "2009.03.21"]
[SourceDate "2008.10.04"]

1. e4 e6 2. d4 d5 3. e5 c5 4. c3 Nc6 5. Nf3 Qb6 6. Be2 Bd7 7. O-O Nh6 8. Bxh6
gxh6 9. Qd2 Rc8 10. Na3 a6 11. Nc2 Qd8 12. dxc5 Qc7 13. Rfe1 Bg7 14. Ne3 Nxe5
15. Nxe5 Bxe5 16. Ng4 Bg7 17. Nxh6 Qxc5 18. Bh5 Rf8 19. Rad1 d4 20. Bxf7+ Rxf7
21. Nxf7 Kxf7 22. cxd4 Qf5 23. Rc1 Rxc1 24. Rxc1 Bc6 25. f3 Qg6 26. Rd1 Ke8 27.
Qe2 Bd5 28. b3 Qg5 29. Qd3 h5 30. Qd2 Qg6 31. Qd3 1/2-1/2

[Event "4NCL/Div2b/WES1 vs. SWD2"]
[Site "Sunningdale ENG"]
[Date "2008.10.04"]
[Round "1.1"]
[White "Lock, Gavin R"]
[Black "Spice, Alan"]
[Result "0-1"]
[WhiteElo "2252"]
[BlackElo "2173"]
[PlyCount "74"]
[EventDate "2008.10.04"]
[SourceDate "2008.10.04"]

1. Nf3 d5 2. d4 Nf6 3. c4 dxc4 4. e3 c5 5. Bxc4 a6 6. O-O b5 7. Bb3 c4 8. Bc2
Bb7 9. b3 cxb3 10. Bxb3 e6 11. Nbd2 Be7 12. Bb2 O-O 13. Qe2 Nc6 14. e4 Na5 15.
Bc2 Rc8 16. Bd3 Nc6 17. a3 Rc7 18. Rac1 Rd7 19. d5 exd5 20. e5 Ne4 21. Nxe4
dxe4 22. Bxe4 Qb6 23. e6 Rd6 24. exf7+ Rxf7 25. Rfd1 Na5 26. Rxd6 Qxd6 27. Ne5
Rf8 28. Bxb7 Nxb7 29. Rc6 Qd5 30. Rxa6 Bc5 31. Nd3 Rd8 32. Ne1 Nd6 33. Qe7 Nf7
34. Qe2 Nd6 35. h3 Ne4 36. Nf3 Bxf2+ 37. Kh1 Ng3+ 0-1

[Event "4NCL/Div2b/WES1 vs. SWD2"]
[Site "Sunningdale ENG"]
[Date "2008.10.04"]
[Round "1.2"]
[White "Roberts, David L"]
[Black "Neil, David R"]
[Result "1/2-1/2"]
[WhiteElo "2144"]
[BlackElo "2165"]
[PlyCount "44"]
[EventDate "2008.10.04"]
[SourceDate "2008.10.04"]

1. e4 e5 2. Nf3 Nc6 3. d4 exd4 4. Nxd4 Nf6 5. Nxc6 bxc6 6. e5 Qe7 7. Qe2 Nd5 8.
c4 Nb6 9. Nc3 Qe6 10. Qe4 d5 11. exd6 cxd6 12. Be3 Qxe4 13. Nxe4 Bf5 14. Ng5 d5
15. O-O-O Be7 16. Re1 O-O 17. g4 Bg6 18. h4 h6 19. Bxb6 axb6 20. Rxe7 hxg5 21.
a3 gxh4 22. f4 Be4 1/2-1/2

[Event "4NCL/Div2b/WES1 vs. SWD2"]
[Site "Sunningdale ENG"]
[Date "2008.10.04"]
[Round "1.3"]
[White "Rutter, Nicholas"]
[Black "Brown, Alan M"]
[Result "1-0"]
[WhiteElo "2177"]
[BlackElo "2121"]
[PlyCount "89"]
[EventDate "2008.10.04"]
[SourceDate "2008.10.04"]

1. e4 e6 2. Nc3 d5 3. Nf3 Nf6 4. e5 Nfd7 5. d4 b6 6. Bg5 Be7 7. Bxe7 Qxe7 8.
Nb5 Nf8 9. c3 Ng6 10. h4 Qd7 11. h5 Ne7 12. h6 g6 13. Nh2 Nbc6 14. Ng4 Ng8 15.
Qf3 Bb7 16. Nf6+ Nxf6 17. Qxf6 Rg8 18. Rh3 a6 19. Na3 Qe7 20. Qxe7+ Nxe7 21.
Nc2 Rf8 22. Ne3 f6 23. exf6 Rxf6 24. Ng4 Rf4 25. Be2 O-O-O 26. Re3 Rd6 27.
O-O-O c5 28. g3 Rf8 29. Rf3 Rdd8 30. Rf6 Rxf6 31. Nxf6 Ng8 32. Nxh7 Nxh6 33.
Ng5 Re8 34. Nf3 Rf8 35. Rh1 Ng4 36. Ng5 Nxf2 37. Rh6 Rf6 38. Rh8+ Kc7 39. Rh7+
Kb8 40. Re7 Bc8 41. Nf7 Ne4 42. Ne5 Ka8 43. Nc6 Bb7 44. Re8+ Bc8 45. Bxa6 1-0

[Event "4NCL/Div2b/WES1 vs. SWD2"]
[Site "Sunningdale ENG"]
[Date "2008.10.04"]
[Round "1.5"]
[White "Jenks, Bruce"]
[Black "Miles, Richard"]
[Result "0-1"]
[WhiteElo "2145"]
[BlackElo "2050"]
[PlyCount "48"]
[EventDate "2008.10.04"]
[SourceDate "2008.10.04"]

1. d4 d5 2. Bf4 Nf6 3. e3 g6 4. Bd3 Bg7 5. Nc3 O-O 6. h4 h5 7. Qd2 c5 8. Nf3
cxd4 9. exd4 Nc6 10. Ne5 Nb4 11. f3 Nxd3+ 12. Qxd3 Bf5 13. Qd2 Rc8 14. O-O-O b5
15. Nd3 Qa5 16. Nc5 b4 17. N3a4 Nd7 18. a3 Nxc5 19. Nxc5 Rxc5 20. dxc5 Bxb2+
21. Kxb2 Qxa3+ 22. Kb1 b3 23. Be5 bxc2+ 24. Qxc2 Qb3+ 0-1

[Event "4NCL/Div2b/WES1 vs. SWD2"]
[Site "Sunningdale ENG"]
[Date "2008.10.04"]
[Round "1.6"]
[White "van Kemenade, Rudy"]
[Black "Yeo, Michael J"]
[Result "1/2-1/2"]
[WhiteElo "1989"]
[BlackElo "2103"]
[PlyCount "57"]
[EventDate "2008.10.04"]
[SourceDate "2008.10.04"]

1. d4 d5 2. Nf3 Nf6 3. g3 Bg4 4. Bg2 e6 5. O-O Bd6 6. c4 c6 7. Nbd2 Nbd7 8. b3
Ne4 9. Nxe4 dxe4 10. Ng5 f5 11. Nxe6 Qf6 12. Nf4 g5 13. h3 gxf4 14. hxg4 Rg8
15. Bxf4 Bxf4 16. gxf4 Rxg4 17. f3 Rxg2+ 18. Kxg2 O-O-O 19. Rh1 e3 20. Rh2 Nc5
21. dxc5 Rxd1 22. Rxd1 Qb2 23. Kh1 b6 24. cxb6 axb6 25. Rg1 Kc7 26. Rh6 Qxe2
27. Rg7+ Kd8 28. Rhxh7 Qxf3+ 29. Kg1 1/2-1/2

[Event "4NCL/Div2b/WES1 vs. SWD2"]
[Site "Sunningdale ENG"]
[Date "2008.10.04"]
[Round "1.7"]
[White "de Coverly, Roger"]
[Black "Wilson, Julie"]
[Result "1-0"]
[WhiteElo "2062"]
[BlackElo "1935"]
[PlyCount "63"]
[EventDate "2008.10.04"]
[SourceDate "2008.10.04"]

1. Nf3 Nf6 2. g3 e6 3. Bg2 Be7 4. O-O O-O 5. d4 d5 6. c4 dxc4 7. Qc2 a6 8. Qxc4
b5 9. Qc2 Bb7 10. Bd2 Nbd7 11. Ba5 Rc8 12. Nbd2 Bd6 13. a4 Qe7 14. axb5 axb5
15. e4 e5 16. dxe5 Nxe5 17. Nd4 Qd7 18. Rfd1 Nc6 19. Nxc6 Qxc6 20. Qxc6 Bxc6
21. e5 Bxg2 22. exd6 Bh3 23. dxc7 Nd5 24. Ne4 Ne7 25. Nd6 Ra8 26. Nxb5 Nc6 27.
b4 Rfe8 28. Rdc1 Bd7 29. Nd6 Re6 30. c8=Q+ Rxc8 31. Nxc8 Bxc8 32. b5 1-0

[Event "4NCL/Div2b/WES1 vs. SWD2"]
[Site "Sunningdale ENG"]
[Date "2008.10.04"]
[Round "1.8"]
[White "van Kemenade, Julie"]
[Black "Khoo, Selina"]
[Result "0-1"]
[WhiteElo "1661"]
[BlackElo "1991"]
[PlyCount "66"]
[EventDate "2008.10.04"]
[SourceDate "2008.10.04"]

1. e4 c6 2. d4 d5 3. e5 c5 4. c3 Nc6 5. Na3 Bf5 6. Nc2 Bxc2 7. Qxc2 cxd4 8.
cxd4 Nxd4 9. Qa4+ Nc6 10. Bb5 Qc7 11. Bf4 e6 12. Rc1 Nge7 13. Nf3 g6 14. Bg5
Rc8 15. Bf6 Rg8 16. Qxa7 Nf5 17. O-O Be7 18. g4 Bxf6 19. exf6 Nd6 20. Ba4 b5
21. Qxc7 Rxc7 22. Bb3 Kd7 23. g5 Rgc8 24. a4 b4 25. h4 Ne4 26. Rfe1 Kd6 27. Ba2
Nc5 28. b3 Nd3 29. Bb1 Nxc1 30. Rxc1 Ne5 31. Rxc7 Nxf3+ 32. Kg2 Ne1+ 33. Kf1
Rxc7 0-1